ბათუმის შოთა რუსთაველის სახელმწიფო უნივერსიტეტის ბიბლიოთეკა

სამხრეთ-დასვლეთ საქართველოს ონომასტიკა XIX საუკუნის მეორე ნახევრის ქართველ და უცხოელ მკვლევართა შრომებში / (ბიბ.ჩანაწერი № 51134)

000 -ლიდერი
ფიქსირებული სიგრძის საკონტროლო ველი 01402nam a2200253Ia 4500
001 - საკონტროლო ნომერი
საკონტროლო ველი 18091
003 - საკონტროლო ნომრის იდენტიფიკატორი
საკონტროლო ველი GE_BSU
005 - ბოლო ოპერაციის თარიღი და დრო
საკონტროლო ველი 20200625225619.0
008 - ფიქსირებული სიგრძის მონაცემთა ელემენტები - ზოგადი ინფორმაცია
ფიქსირებული სიგრძის საკონტროლო ველი 181216s2006||||ge |||||||||||||| ||geo||
040 ## - კატალოგიზაციის წყარო
Transcribing agency GE_BSU
041 ## - ენის კოდი
Language code of text/sound track or separate title geo
080 ## - უნივერსალური ათობითი კლასიფიკაციის ინდექსი
Universal Decimal Classification number 811.353.1 ბ-53
100 ## - მთავარი ჩანაწერი - პიროვნების სახელი
Personal name ბერიძე, ეთერ
9 (RLIN) 5671
245 ## - ცნობა სათაურის შესახებ
Title სამხრეთ-დასვლეთ საქართველოს ონომასტიკა XIX საუკუნის მეორე ნახევრის ქართველ და უცხოელ მკვლევართა შრომებში /
Statement of responsibility, etc ეთერ ბერიძე ; რედ. მ. ქამადაძე.
264 ## - წარმოების, გამოცემის, დისტრიბუციის და სხვა ცნობები
გამოცემის, წარმოების, დისტრიბუციის... ადგილი ბათუმი :
გამოცემის, წარმოების, დისტრიბუციის... სახელწოდება მარეთი-93,
გამოცემის, წარმოების, დისტრიბუციის... თარიღი 2006.
300 ## - ფიზიკური აღწერა
Extent 192 გვ. ;
Dimensions 22 სმ.
504 ## - BIBLIOGRAPHY, ETC. NOTE
Bibliography, etc ბიბლიოგრაფია გვ. 180-188
520 ## - SUMMARY, ETC.
Summary, etc რეზიუმე რუსულ ენაზე
653 ## - INDEX TERM--UNCONTROLLED
Uncontrolled term სამხრეთ-დასვლეთ საქართველოს ონომასტიკა XIX საუკუნის მეორე ნახევრის ქართველ და უცხოელ მკვლევართა შრომებში
653 ## - INDEX TERM--UNCONTROLLED
Uncontrolled term შრომები
700 ## - ADDED ENTRY--PERSONAL NAME
Personal name ქამადაძე, მ.
Relator term რედაქტორი
9 (RLIN) 8831
942 ## - ADDED ENTRY ELEMENTS (KOHA)
Koha item type წიგნი
Source of classification or shelving scheme
ეგზემპლარები
ჩამოწერის სტატუსი დაკარგული ეგზემპლარის სტატუსი კლასიფიკაციის წყარო ან თაროზე გაწყობის სქემა დაზიანების სტატუსი არ გაიცემა მუდმივი მდებარეობა (დაცვის ადგილი) ამჟამინდელი ადგილსამყოფელი თაროზე განთავსების ადგილი შეძენის თარიღი სრული შენახვის შიფრი შტრიხკოდი ბოლო ოპერაციის თარიღი ეგზემპლარის მიმდევრობითი ნომერი (კეტერი?) ფასის ძალაში შესვლის თარიღი ეგზემპლარის სახეობა ღირებულება, შესყიდვის ნორმალური ფასი საჯარო შენიშვნა
          ბათუმის შოთა რუსთაველის სახელმწიფო უნივერსიტეტის მთავარი ბიბლიოთეკა ბათუმის შოთა რუსთაველის სახელმწიფო უნივერსიტეტის მთავარი ბიბლიოთეკა წიგნსაცავი 2018-12-17 811.353.1 ბ-53 46161 2018-12-17 46161 2018-12-17 წიგნი    
          ბათუმის შოთა რუსთაველის სახელმწიფო უნივერსიტეტის მთავარი ბიბლიოთეკა ბათუმის შოთა რუსთაველის სახელმწიფო უნივერსიტეტის მთავარი ბიბლიოთეკა   2018-12-17 811.353.1 ბ-53 52809 2018-12-17 52809 2018-12-17 წიგნი 7.00 7.00 ლ.
          ბათუმის შოთა რუსთაველის სახელმწიფო უნივერსიტეტის მთავარი ბიბლიოთეკა ბათუმის შოთა რუსთაველის სახელმწიფო უნივერსიტეტის მთავარი ბიბლიოთეკა   2018-12-17 811.353.1 ბ-53 56749 2018-12-17 56749 2018-12-17 წიგნი 8.00 8.00 ლ.